| 000 | 00607cam a2200145 4500500 | ||
|---|---|---|---|
| 005 | 20251228082744.0 | ||
| 041 | _afre | ||
| 042 | _adc | ||
| 100 | 1 | 0 |
_aQuantin, Jean-Louis _eauthor |
| 245 | 0 | 0 | _aJohn Toland, Nazarenus. Edited by Justin Champion, Oxford, Voltaire Foundation, coll. « British deism and free thought », 1999. Un vol. 16 × 23,5 cm de IX + 334 p. |
| 260 | _c2002. | ||
| 500 | _a82 | ||
| 786 | 0 | _nDix-septième siècle | 215 | 2 | 2002-06-01 | p. 369b-382b | 0012-4273 | |
| 856 | 4 | 1 | _uhttps://shs.cairn.info/revue-dix-septieme-siecle-2002-2-page-369b?lang=fr&redirect-ssocas=7080 |
| 999 |
_c1599742 _d1599742 |
||